| Tag |
First Indicator |
Second Indicator |
Subfields |
| LEADER |
00000cam a2200000Ia 4500 |
| 001 |
in00002437708 |
| 005 |
20151109201125.0 |
| 008 |
080812s2008 mau b 001 0 eng d |
| 020 |
|
|
|a 1571461736
|
| 020 |
|
|
|a 9781571461735
|
| 035 |
|
|
|a (OCoLC)ocn243637692
|
| 035 |
|
|
|a (OCoLC)243637692
|
| 040 |
|
|
|a YDXCP
|c YDXCP
|d BAKER
|d BTCTA
|d BWX
|d OCLCQ
|d UtOrBLW
|
| 049 |
|
|
|a TXAM
|
| 050 |
|
4 |
|a QA927
|b .S64 2008
|
| 100 |
1 |
|
|a Sogge, Christopher D.
|q (Christopher Donald),
|d 1960-
|
| 245 |
1 |
0 |
|a Lectures on non-linear wave equations /
|c Christopher D. Sogge.
|
| 250 |
|
|
|a 2nd ed.
|
| 264 |
|
1 |
|a [Somerville, Mass.] :
|b International Press,
|c [2008]
|
| 264 |
|
4 |
|c ©2008
|
| 300 |
|
|
|a 204 pages ;
|c 26 cm.
|
| 336 |
|
|
|a text
|b txt
|2 rdacontent
|
| 337 |
|
|
|a unmediated
|b n
|2 rdamedia
|
| 338 |
|
|
|a volume
|b nc
|2 rdacarrier
|
| 504 |
|
|
|a Includes bibliographical references (pages 196-203) and index.
|
| 650 |
|
0 |
|a Nonlinear wave equations.
|
| 938 |
|
|
|a YBP Library Services
|b YANK
|n 2857380
|
| 938 |
|
|
|a Baker & Taylor
|b BKTY
|c 69.00
|d 73.95
|i 1571461736
|n 0007915316
|s active
|
| 938 |
|
|
|a Baker and Taylor
|b BTCP
|n BK0007915316
|
| 938 |
|
|
|a Blackwell Book Service
|b BBUS
|n R9742592
|c $69.00
|
| 945 |
|
|
|a PromptCat
|b 567195
|
| 946 |
|
|
|a stk
|
| 947 |
|
|
|a A14836690490
|
| 994 |
|
|
|a 92
|b TXA
|
| 948 |
|
|
|a cataloged
|b h
|d 2008/12/4
|h c
|e asalazar
|f 3:38:38 pm
|
| 999 |
|
|
|a MARS
|
| 999 |
f |
f |
|s 0281978c-64bd-39e4-8f13-cf65a393abc6
|i 3683313c-4f07-3920-82a3-7b8a108399ac
|t 0
|
| 952 |
f |
f |
|p normal
|a Texas A&M University
|b College Station
|c Sterling C. Evans Library
|d Evans: Library Stacks
|t 0
|e QA927 .S64 2008
|h Library of Congress classification
|i unmediated -- volume
|m A14836690490
|
| 998 |
f |
f |
|a QA927 .S64 2008
|t 0
|l Evans: Library Stacks
|